| 000 | 00536nam a2200205Ia 4500 | ||
|---|---|---|---|
| 999 |
_c2303 _d2303 |
||
| 003 | 0100 | ||
| 008 | 130227s9999 xx 000 0 und d | ||
| 040 | _cARRUPELIB | ||
| 050 | _aDT509.97.G4 V.28 | ||
| 100 |
_aGhana Academy of Arts & Sciences _932159 |
||
| 245 | 4 | _aThe Future of our cities | |
| 245 | _bProceedings of the Ghana Academy of Arts & Sciences | ||
| 260 |
_bGhana Academy of Arts & Sciences _aAccra _c1993 |
||
| 300 | _avii | ||
| 300 | _b 102p 23cm | ||
| 650 |
_aTowns & cities _xGhana _932165 |
||
| 650 |
_aGhana _xSocial conditions _932166 |
||
| 942 |
_2lcc _cMONOGRAPH |
||